UNDERSTANDING FOUCAULT A CRITICAL INTROD (Record no. 21650)
[ view plain ]
| 000 -LEADER | |
|---|---|
| fixed length control field | 00383nam a2200145Ia 4500 |
| 008 - FIXED-LENGTH DATA ELEMENTS--GENERAL INFORMATION | |
| fixed length control field | 240624s9999 xx 000 0 und d |
| 041 ## - LANGUAGE CODE | |
| Language code of text/sound track or separate title | eng |
| 082 ## - DEWEY DECIMAL CLASSIFICATION NUMBER | |
| Classification number | 300 SCH |
| 100 ## - MAIN ENTRY--PERSONAL NAME | |
| Personal name | SCHIRATO TONY |
| 245 ## - TITLE STATEMENT | |
| Title | UNDERSTANDING FOUCAULT A CRITICAL INTROD |
| 250 ## - EDITION STATEMENT | |
| Edition statement | (2nd ed.) |
| 260 ## - PUBLICATION, DISTRIBUTION, ETC. | |
| Date of publication, distribution, etc. | 2012 |
| Place of publication, distribution, etc. | London |
| Name of publisher, distributor, etc. | Sage Publications |
| 300 ## - PHYSICAL DESCRIPTION | |
| Extent | xxviii, : 208 : p. : cm. ; 23 |
| 365 ## - TRADE PRICE | |
| Currency code | GBP |
| Price amount | 38 |
| Withdrawn status | Lost status | Damaged status | Not for loan | Home library | Current library | Shelving location | Date acquired | Source of acquisition | Cost, normal purchase price | Full call number | Barcode | Date last seen | Copy number | Price effective from | Koha item type |
|---|---|---|---|---|---|---|---|---|---|---|---|---|---|---|---|
| IMTN | IMTN | Rack 4-A | 09/05/2013 | IBH | 24.99 | 300 SCH | 21650 | 06/24/2024 | 95.9 | 06/24/2024 | Books |